[Event "Championnat de la Loire - Top20"]
[Site "Loire"]
[Date "2004.03.06"]
[Round "6.6"]
[White "Bellon, Yves"]
[Black "Massard, Christian"]
[Result "1/2-1/2"]
[WhiteElo "1880"]
[BlackElo "1830"]
[PlyCount "131"]

1. c4 Nf6 2. Nc3 g6 3. e4 e5 4. Nf3 d6 5. g3 Bg7 6. Bg2 O-O 7. O-O Nc6 8. d3
Bd7 9. h3 Qc8 10. Kh2 Re8 11. Be3 Nd4 12. Nxd4 exd4 13. Bxd4 Ng4+ 14. hxg4 Bxd4
15. g5 Qd8 16. Qd2 c6 17. Ne2 Bg7 18. d4 Qe7 19. Rae1 Qe6 20. b3 f5 21. gxf6
Qxf6 22. f4 Bg4 23. e5 Qf5 24. Nc3 Qh5+ 25. Kg1 dxe5 26. dxe5 Rad8 27. Qe3 a6
28. Bf3 Bf8 29. Ne4 Be7 30. Qe2 Bxf3 31. Qxf3 Qh6 32. Rd1 Qh3 33. Qg2 Qg4 34.
Rxd8 Rxd8 35. Qf3 Qh3 36. c5 Rd4 37. Nd6 b6 38. cxb6 Bxd6 39. exd6 Rb4 40. Qe3
Rxb6 41. Re1 Rb7 42. Rc1 Qd7 43. Qd3 Rb5 44. Qc4+ Rd5 45. Qxc6 Qxd6 46. Qxd6
Rxd6 47. Rc2 Kg7 48. Kf2 Re6 49. Rc7+ Kg8 50. Rb7 h6 51. b4 Rc6 52. a4 Rc2+ 53.
Kg1 Ra2 54. a5 Rb2 55. Rb6 Kf7 56. Rxa6 Rxb4 57. Rb6 Ra4 58. a6 Ra2 59. Rb7+
Kf6 60. a7 Kf5 61. Rh7 h5 62. Rg7 Kf6 63. Rb7 Kf5 64. Rg7 Kf6 65. Rb7 Kf5 66.
Rg7 1/2-1/2

[Event "Championnat de la Loire - Top20"]
[Site "Loire"]
[Date "2004.03.06"]
[Round "6.7"]
[White "Poncet, Alain"]
[Black "Pupier, Terry"]
[Result "1-0"]
[WhiteElo "1860"]
[BlackElo "1790"]
[PlyCount "59"]

1. d4 Nf6 2. c4 e6 3. Nf3 b6 4. Nc3 Bb7 5. Bg5 Bb4 6. e3 O-O 7. Bd3 d6 8. O-O
Bxc3 9. bxc3 Nbd7 10. Re1 Rc8 11. e4 e5 12. Nh4 Re8 13. Nf5 Nf8 14. Qf3 Ng6 15.
Rad1 c6 16. h4 d5 17. exd5 cxd5 18. dxe5 Rxe5 19. h5 dxc4 20. Qxb7 cxd3 21.
hxg6 Rxf5 22. gxf7+ Kf8 23. Re8+ Qxe8 24. fxe8=Q+ Rxe8 25. Bxf6 Rxf6 26. Rxd3
Re1+ 27. Kh2 Rh6+ 28. Rh3 Rxh3+ 29. Kxh3 Rh1+ 30. Kg4 1-0

[Event "Championnat de la Loire - Top20"]
[Site "Loire"]
[Date "2004.03.06"]
[Round "6.8"]
[White "Carrot, Patrick"]
[Black "Minchilli, Franco"]
[Result "0-1"]
[WhiteElo "1740"]
[BlackElo "1590"]
[PlyCount "86"]

1. d4 Nf6 2. c4 g6 3. Nc3 Bg7 4. e4 O-O 5. e5 Ne8 6. f4 d6 7. Nf3 Nd7 8. Be2 c6
9. Be3 Nb6 10. O-O Bg4 11. Qb3 Qd7 12. Rad1 Qc7 13. h3 Bd7 14. Rd2 Bh6 15. Rfd1
Ng7 16. c5 Nd5 17. Nxd5 cxd5 18. Qxd5 Be6 19. cxd6 exd6 20. Qb5 Nf5 21. Qd3 Ng3
22. Rc2 Qd7 23. Qb5 Nxe2+ 24. Qxe2 Bxa2 25. d5 Bb3 26. Nd4 Bxc2 27. Qxc2 dxe5
28. Ne2 Rac8 29. Qd2 Rfe8 30. fxe5 Bxe3+ 31. Qxe3 Qf5 32. Nc3 Qxe5 33. Qxa7 Rc7
34. Qa5 Qg3 35. Qb5 Re1+ 36. Rxe1 Qxe1+ 37. Kh2 Qe5+ 38. Kh1 Re7 39. Qc5 Qg5
40. Qb4 Re1+ 41. Kh2 Qe5+ 42. g3 Qe3 43. Kg2 Rg1+ 0-1

[Event "Championnat de la Loire - Top20"]
[Site "Loire"]
[Date "2004.03.06"]
[Round "6.9"]
[White "Roncin, Cesar"]
[Black "Bednar, Emile"]
[Result "0-1"]
[WhiteElo "1680"]
[BlackElo "1840"]
[PlyCount "116"]

1. e4 e5 2. f4 exf4 3. Nf3 Be7 4. Bc4 Bh4+ 5. Kf1 d6 6. d4 Bg4 7. Bxf4 Nc6 8.
c3 Qf6 9. Qc1 Bxf3 10. gxf3 g5 11. Bg3 Qxf3+ 12. Kg1 Bxg3 13. hxg3 Qxg3+ 14.
Kf1 Qf3+ 15. Kg1 Nf6 16. Nd2 Qg3+ 17. Kf1 Ng4 18. Qe1 Nh2+ 19. Ke2 Qg4+ 20. Kd3
Qf4 21. Qe2 Ng4 22. Raf1 Qg3+ 23. Rf3 Nce5+ 24. dxe5 Nxe5+ 25. Ke3 Nxf3 26.
Qxf3 Qxf3+ 27. Nxf3 f6 28. Nd4 h5 29. Bd5 O-O-O 30. Ne6 Rde8 31. Ng7 Re5 32.
Rxh5 Rxh5 33. Nxh5 f5 34. Nf6 c6 35. Bb3 fxe4 36. Ng4 Re7 37. Nf2 b5 38. a4 a6
39. axb5 axb5 40. Bc2 Kc7 41. Ng4 d5 42. Nf2 Kd6 43. Nd1 Rh7 44. Nf2 Rh2 45.
Bd1 Rg2 46. Bh5 Rg3+ 47. Ke2 b4 48. cxb4 Rb3 49. Nd1 Rxb4 50. Kd2 d4 51. Bg6
Ke5 52. Be8 c5 53. Ke2 Rb3 54. Ba4 Rh3 55. Ke1 e3 56. Bc2 c4 57. b4 d3 58. Bxd3
cxd3 0-1

[Event "Championnat de la Loire - Top20"]
[Site "Loire"]
[Date "2004.03.06"]
[Round "6.10"]
[White "Lestra, Franck"]
[Black "Adamus, Jeremy"]
[Result "0-1"]
[WhiteElo "1770"]
[BlackElo "1910"]
[PlyCount "104"]

1. d4 d5 2. c4 e6 3. Nc3 Nf6 4. Nf3 Be7 5. Bf4 a6 6. e3 Nbd7 7. h3 Nf8 8. cxd5
exd5 9. Bd3 Ng6 10. Bh2 c6 11. O-O O-O 12. a3 a5 13. Rc1 Re8 14. Bb1 Nd7 15.
Nxd5 Bd6 16. Bxd6 cxd5 17. Bg3 Qb6 18. Rc3 Nf6 19. Bc7 Qe6 20. Bxg6 hxg6 21.
Nd2 Bd7 22. Be5 Ne4 23. Nxe4 dxe4 24. Qb1 Bc6 25. Rfc1 Rec8 26. Qc2 f6 27. Bg3
Bd7 28. Qd2 Rxc3 29. Rxc3 Bc6 30. Rc5 a4 31. d5 Rd8 32. Rxc6 bxc6 33. Qc2 Qxd5
34. Qxa4 Qd1+ 35. Qxd1 Rxd1+ 36. Kh2 Rb1 37. b4 Rb3 38. Bd6 Rxa3 39. Kg3 Rd3
40. Bc5 Kf7 41. f3 exf3 42. Kxf3 Ke6 43. h4 Rd8 44. Ke4 Rd2 45. Kf3 Ke5 46. g3
Rd8 47. Be7 Rb8 48. Bc5 Kd5 49. g4 Rh8 50. Kg3 Ke4 51. Bd4 Rd8 52. Kf2 Rxd4 0-1

[Event "Championnat de la Loire - Top20"]
[Site "Loire"]
[Date "2004.03.06"]
[Round "6.11"]
[White "Clement, Paul"]
[Black "Walter, Alain"]
[Result "1-0"]
[WhiteElo "1900"]
[BlackElo "1720"]
[PlyCount "95"]

1. Nf3 d5 2. g3 Nf6 3. Bg2 c6 4. d3 Nbd7 5. Nbd2 e5 6. e4 Bd6 7. Qe2 O-O 8. O-O
Nb6 9. h3 Bd7 10. b3 Qc7 11. Bb2 Rae8 12. c4 d4 13. Rac1 c5 14. Nh4 Qc8 15. Kh2
Na8 16. Rb1 Nc7 17. Bc1 b5 18. a3 a5 19. g4 Ne6 20. Nf5 Bc7 21. cxb5 Nf4 22.
Qf3 Bxb5 23. Nc4 Re6 24. Bxf4 exf4 25. e5 Nd7 26. Qd5 Nxe5 27. Be4 g6 28. Nfd6
Bxc4 29. Nxc4 Rc6 30. Nxe5 Re6 31. Nf3 Bd6 32. Ng5 f3+ 33. Kg1 Rd8 34. Qc4 Rf6
35. Bd5 Rf8 36. Nxf3 h5 37. Ng5 hxg4 38. Ne4 gxh3 39. Nxf6+ Kg7 40. Bf3 Kxf6
41. Qd5 Qd8 42. b4 Qc7 43. bxc5 Bh2+ 44. Kh1 Kg7 45. Qxd4+ Be5 46. Qc4 Rd8 47.
Rb7 Rd4 48. Qxd4 1-0

[Event "Championnat de la Loire - Top20"]
[Site "Loire"]
[Date "2004.03.20"]
[Round "7.1"]
[White "Cizeron, Frederic"]
[Black "Testard, Philippe"]
[Result "1-0"]
[WhiteElo "2080"]
[BlackElo "2020"]
[PlyCount "69"]

1. d4 Nf6 2. Nf3 g6 3. c4 Bg7 4. g3 O-O 5. Bg2 d6 6. Nc3 Nbd7 7. O-O e5 8. e4
Re8 9. h3 exd4 10. Nxd4 Nc5 11. Re1 a5 12. f4 Nfd7 13. b3 c6 14. Be3 Na6 15.
Rb1 Ndc5 16. Nde2 f5 17. Bd4 Nxe4 18. Bxg7 Kxg7 19. Nxe4 fxe4 20. Nc3 Nc5 21.
Nxe4 Nxe4 22. Bxe4 Qb6+ 23. Kg2 Qc5 24. Qd3 Be6 25. Rbd1 Rad8 26. Bf3 a4 27.
Re2 axb3 28. axb3 Kf7 29. g4 h5 30. gxh5 Rg8 31. Kh2 Bf5 32. Be4 Rg7 33. hxg6+
Bxg6 34. Bxg6+ Rxg6 35. Qe4 1-0

[Event "Championnat de la Loire - Top20"]
[Site "Loire"]
[Date "2004.04.10"]
[Round "7.2"]
[White "Boblin, Laurent"]
[Black "Deville, Olivier"]
[Result "1-0"]
[WhiteElo "1990"]
[BlackElo "2040"]
[PlyCount "35"]

1. e4 c5 2. c3 d5 3. exd5 Qxd5 4. d4 Nf6 5. Nf3 e6 6. Na3 cxd4 7. Nb5 Qd8 8.
Nbxd4 Be7 9. Bd3 O-O 10. O-O b6 11. Bg5 Bb7 12. Qe2 a6 13. Rfe1 Kh8 14. Rad1
Nd5 15. Qe4 g6 16. Qh4 Bxg5 17. Nxg5 h5 18. Nxf7+ 1-0

[Event "Championnat de la Loire - Top20"]
[Site "Loire"]
[Date "2004.03.20"]
[Round "7.3"]
[White "Ollier, Michel"]
[Black "Petit, Didier"]
[Result "1-0"]
[WhiteElo "1980"]
[BlackElo "2000"]
[PlyCount "77"]

1. e4 c6 2. d4 d5 3. Nc3 dxe4 4. Nxe4 Nf6 5. Nxf6+ gxf6 6. Bc4 Bf5 7. Ne2 e6 8.
Ng3 Bg6 9. O-O Be7 10. Bh6 Nd7 11. f4 f5 12. Nh5 Bxh5 13. Qxh5 Nf6 14. Qd1 Qb6
15. c3 O-O-O 16. Qe2 Rhe8 17. a4 Nd5 18. a5 Qc7 19. Bxd5 Rxd5 20. b4 Bf6 21.
Rae1 Rg8 22. Qh5 Qe7 23. g3 Rg6 24. Rf3 Rd8 25. Rfe3 Rdg8 26. a6 b6 27. Bg5
Bxg5 28. fxg5 Qxg5 29. Qf3 Kc7 30. b5 cxb5 31. Qb7+ Kd6 32. Qxf7 R8g7 33. Rxe6+
Rxe6 34. Rxe6+ Kd5 35. Re5+ Kc6 36. Qd5+ Kc7 37. Qb7+ Kd6 38. Rd5+ Ke6 39. Qc6+
1-0

[Event "Championnat de la Loire - Top20"]
[Site "Loire"]
[Date "2004.03.20"]
[Round "7.4"]
[White "Garon, Pierre"]
[Black "Bruel, Bruno"]
[Result "1-0"]
[WhiteElo "2009"]
[BlackElo "1800"]
[PlyCount "61"]

1. d4 d5 2. Nf3 Nf6 3. e3 Bg4 4. c4 e6 5. Qb3 Bxf3 6. gxf3 Nbd7 7. Qxb7 Rb8 8.
Qxa7 Bb4+ 9. Bd2 Bxd2+ 10. Nxd2 O-O 11. Qa3 dxc4 12. Bxc4 Nb6 13. b3 Ra8 14.
Qc1 Qe7 15. a4 e5 16. dxe5 Qxe5 17. O-O Nbd7 18. Qc2 Qh5 19. Rac1 Ne5 20. Be2
g5 21. Qf5 Ned7 22. Rxc7 Rad8 23. Nc4 Rfe8 24. Rd1 Re6 25. Rd2 Qh4 26. Rd4 Qh6
27. b4 Kf8 28. a5 Ke7 29. Nb6 g4 30. fxg4 Ke8 31. Bb5 1-0

[Event "Championnat de la Loire - Top20"]
[Site "Loire"]
[Date "2004.03.07"]
[Round "7.5"]
[White "Bednar, Emile"]
[Black "Mujic, Saban"]
[Result "1/2-1/2"]
[WhiteElo "1840"]
[BlackElo "1940"]
[PlyCount "139"]

1. d4 d5 2. Nf3 e6 3. e3 Nf6 4. Bb5+ Bd7 5. Bd3 Be7 6. Nbd2 O-O 7. O-O a6 8. c3
c5 9. Qc2 cxd4 10. cxd4 h6 11. b3 Nc6 12. a3 Rc8 13. Qa2 b5 14. Bb2 Qb6 15.
Rfc1 Bd6 16. Rc2 Ne7 17. Rac1 Rxc2 18. Rxc2 Rc8 19. Qb1 Rxc2 20. Qxc2 Qc7 21.
Qxc7 Bxc7 22. Ne1 Ba5 23. b4 Bc7 24. h3 Nc8 25. f4 Nd6 26. Kf2 a5 27. Nc2 axb4
28. axb4 Nc4 29. Bc1 Ne8 30. Nb3 Ned6 31. Nc5 Bc8 32. g4 g6 33. h4 Kg7 34. Na3
Nxa3 35. Bxa3 Nc4 36. Bc1 f5 37. g5 hxg5 38. hxg5 Kf7 39. Ke2 Ke7 40. Kd1 Bd6
41. Bxc4 bxc4 42. Kc2 Bxc5 43. bxc5 Kd7 44. Kc3 Kc6 45. Ba3 Kb5 46. Bb4 Ka4 47.
c6 Kb5 48. c7 Kc6 49. Ba5 Kb5 50. Bb4 Kc6 51. Be7 Kxc7 52. Kb4 Kb6 53. Bd8+ Kc6
54. Ka4 Ba6 55. Ba5 Bb5+ 56. Kb4 Ba6 57. Bd8 Bb7 58. Ka5 Kd7 59. Bb6 c3 60. Bc5
c2 61. Ba3 Kc6 62. Bc1 Kd6 63. Kb6 Bc6 64. Ka5 Kc7 65. Kb4 Kb6 66. Kb3 Ka5 67.
Kxc2 Kb4 68. Bb2 Kc4 69. Ba3 Ba4+ 70. Kd2 1/2-1/2

[Event "Championnat de la Loire - Top20"]
[Site "Loire"]
[Date "2004.03.20"]
[Round "7.6"]
[White "Minchilli, Franco"]
[Black "Bellon, Yves"]
[Result "1/2-1/2"]
[WhiteElo "1590"]
[BlackElo "1880"]
[PlyCount "127"]

1. d4 Nf6 2. c4 c5 3. Nf3 cxd4 4. Nxd4 g6 5. Nc3 Bg7 6. e3 O-O 7. Be2 Nc6 8.
O-O d5 9. cxd5 Nxd5 10. Nxd5 Qxd5 11. Bf3 Qc5 12. Nxc6 bxc6 13. Qa4 Be6 14. Rb1
Rab8 15. a3 Bb3 16. Qxc6 Qxc6 17. Bxc6 Bc2 18. Ra1 Rb6 19. Bf3 Rfb8 20. Ra2
Bxb2 21. Bxb2 Rxb2 22. Rxb2 Rxb2 23. Ra1 e5 24. Bd5 Kf8 25. e4 Ke7 26. h4 h6
27. a4 a5 28. Ra3 Rb4 29. Rc3 Bxe4 30. Bb3 f6 31. f3 Bf5 32. Kf2 Bd7 33. Bc2
Rxh4 34. Rc5 Bxa4 35. Bxg6 Rd4 36. Rxa5 Bc6 37. Ra7+ Rd7 38. Ra1 Kf8 39. Rc1
Bb7 40. Rb1 Kg7 41. Bf5 Rc7 42. Rb4 h5 43. Rh4 Kh6 44. g4 Kg5 45. Rxh5+ Kf4 46.
Rh6 Rf7 47. Rh3 Bd5 48. Bd3 Rb7 49. Be2 Rb2 50. Rh5 Rxe2+ 51. Kxe2 Bxf3+ 52.
Kf2 Bxg4 53. Rh8 f5 54. Rb8 Bf3 55. Rh8 e4 56. Re8 Kg5 57. Rg8+ Kf6 58. Ke3 Bh5
59. Kf4 Bg4 60. Rh8 Ke6 61. Rd8 Ke7 62. Rd4 Ke6 63. Rxe4+ fxe4 64. Kxe4 1/2-1/2

[Event "Championnat de la Loire - Top20"]
[Site "Loire"]
[Date "2004.03.20"]
[Round "7.7"]
[White "Massard, Christian"]
[Black "Poncet, Alain"]
[Result "1/2-1/2"]
[WhiteElo "1830"]
[BlackElo "1860"]
[PlyCount "75"]

1. Nf3 f5 2. d4 Nf6 3. c4 e6 4. Nc3 d6 5. g3 Be7 6. Bg2 O-O 7. O-O c6 8. b3 Na6
9. Bb2 Bd7 10. e3 Rb8 11. Nd2 c5 12. d5 e5 13. Nf3 Nc7 14. a4 Ng4 15. h3 Nh6
16. Nh2 Qe8 17. e4 Qg6 18. Bc1 Ne8 19. Bxh6 Qxh6 20. exf5 Bxf5 21. g4 Bd7 22.
Qc1 Bg5 23. Qc2 Nf6 24. Ne2 Bf4 25. Nxf4 Qxf4 26. Qc1 Ne4 27. Qxf4 Rxf4 28.
Bxe4 Rxe4 29. Nf3 h6 30. Rae1 Rf4 31. Nd2 h5 32. f3 Rbf8 33. Re4 hxg4 34. hxg4
R4f6 35. Kg2 g5 36. Rh1 Kg7 37. Rh3 Kg6 38. Re2 1/2-1/2

[Event "Championnat de la Loire - Top20"]
[Site "Loire"]
[Date "2004.03.24"]
[Round "7.9"]
[White "Adamus, Jeremy"]
[Black "Carrot, Patrick"]
[Result "1-0"]
[WhiteElo "1910"]
[BlackElo "1740"]
[PlyCount "78"]

1. d4 Nf6 2. c4 c6 3. Nc3 d5 4. cxd5 cxd5 5. Nf3 e6 6. Bg5 Be7 7. e3 O-O 8. Bd3
Nc6 9. O-O Bd7 10. Rc1 a6 11. a3 Na5 12. Na4 Bxa4 13. Qxa4 b5 14. Qd1 Nc4 15.
Qb3 h6 16. Bxf6 Bxf6 17. Rc2 Qd7 18. Ra1 Rfc8 19. Qa2 Be7 20. a4 Qb7 21. Rac1
g5 22. h3 Bd6 23. axb5 axb5 24. Qb3 Qa6 25. Kh1 Qa4 26. Qxa4 Rxa4 27. b3 Ra3
28. Nd2 Rca8 29. bxc4 Rxd3 30. cxb5 Kg7 31. g3 Ra5 32. Rb2 Ba3 33. Ra2 Rxd2 34.
Rxd2 Bxc1 35. Rc2 Ba3 36. b6 Rb5 37. Rc6 Kf8 38. Kg2 Ke8 39. Kf3 Kd8 {
Les Noirs perdent au temps} 1-0

[Event "Championnat de la Loire - Top20"]
[Site "Loire"]
[Date "2004.03.20"]
[Round "7.10"]
[White "Clement, Paul"]
[Black "Lestra, Franck"]
[Result "0-1"]
[WhiteElo "1900"]
[BlackElo "1770"]
[PlyCount "66"]

1. Nf3 g6 2. g3 d5 3. Bg2 Bg7 4. d3 e5 5. Nbd2 Ne7 6. O-O O-O 7. e4 Nbc6 8. c3
a5 9. a4 h6 10. b3 Re8 11. Qe2 b6 12. Ba3 Ba6 13. c4 dxe4 14. dxe4 Nd4 15. Nxd4
exd4 16. Qd3 c5 17. f4 Bb7 18. Rae1 Qd7 19. Re2 Kh8 20. Rfe1 Ng8 21. h3 Rad8
22. Bc1 Re7 23. e5 Bxg2 24. Kxg2 Qf5 25. Ne4 Red7 26. g4 Qe6 27. Nd6 f5 28.
gxf5 gxf5 29. Nxf5 Qg6+ 30. Kh2 Ne7 31. e6 Rc7 32. Re5 Bxe5 33. Rxe5 Rf8 0-1

[Event "Championnat de la Loire - Top20"]
[Site "Loire"]
[Date "2004.04.24"]
[Round "8.1"]
[White "Garon, Pierre"]
[Black "Cizeron, Frederic"]
[Result "0-1"]
[WhiteElo "2009"]
[BlackElo "2080"]
[PlyCount "45"]

1. d4 d5 2. e3 Bf5 3. c4 e6 4. Nf3 Nf6 5. Qb3 b6 6. Nc3 c6 7. Bd2 Bd6 8. Be2
O-O 9. Rc1 dxc4 10. Bxc4 b5 11. Be2 a5 12. O-O Nbd7 13. Be1 Qb8 14. Qd1 Rd8 15.
h3 e5 16. d5 b4 17. dxc6 bxc3 18. cxd7 cxb2 19. Rb1 Bxb1 20. Qxb1 a4 21. Bc3 a3
22. Bc4 Qc7 23. Qd3 0-1

[Event "Championnat de la Loire - Top20"]
[Site "Loire"]
[Date "2004.04.24"]
[Round "8.2"]
[White "Deville, Olivier"]
[Black "Ollier, Michel"]
[Result "1-0"]
[WhiteElo "2040"]
[BlackElo "1980"]
[PlyCount "39"]

1. Nf3 Nf6 2. c4 e6 3. d4 b6 4. g3 Ba6 5. Qc2 Bb4+ 6. Nbd2 O-O 7. Bg2 c6 8. O-O
d5 9. Rd1 Bxd2 10. Nxd2 Nbd7 11. e4 Rc8 12. Qa4 Bb7 13. Qxa7 Qc7 14. Qa4 c5 15.
exd5 exd5 16. cxd5 Nxd5 17. dxc5 Nxc5 18. Qh4 Nd3 19. Be4 Qc2 20. Qxh7# 1-0

[Event "Championnat de la Loire - Top20"]
[Site "Loire"]
[Date "2004.04.24"]
[Round "8.3"]
[White "Bellon, Yves"]
[Black "Boblin, Laurent"]
[Result "0-1"]
[WhiteElo "1880"]
[BlackElo "1990"]
[PlyCount "138"]

1. c4 e5 2. Nc3 Nf6 3. e4 Bc5 4. h3 Nc6 5. Nf3 d6 6. g3 Be6 7. d3 h6 8. Bg2 Qd7
9. a3 a6 10. Bd2 Bd4 11. Nxd4 Nxd4 12. Be3 c5 13. f4 Qc6 14. fxe5 dxe5 15. O-O
Nd7 16. Nd5 Rb8 17. Rb1 b6 18. b3 Rb7 19. Kh2 Nb8 20. Rf2 Qd7 21. b4 Nbc6 22.
bxc5 bxc5 23. Rfb2 Rxb2 24. Rxb2 Qa7 25. Qb1 O-O 26. Rb7 Rb8 27. Rxb8+ Qxb8 28.
Qb6 Qxb6 29. Nxb6 Na5 30. h4 Kf8 31. Bxd4 cxd4 32. Nd5 Nb3 33. Nc7 Nc5 34. Bf1
Bg4 35. Kg2 Bd1 36. Nd5 a5 37. Nb6 Bc2 38. Kf3 Bxd3 39. Bxd3 Nxd3 40. Na4 Ke7
41. Ke2 Nc1+ 42. Kd2 Na2 43. Kc2 h5 44. Kb2 Nc3 45. Nxc3 dxc3+ 46. Kxc3 Kd6 47.
Kb3 Kc5 48. Kc3 g6 49. Kd3 f5 50. exf5 gxf5 51. Kc3 e4 52. Kb3 a4+ 53. Kc3 e3
54. Kd3 e2 55. Kxe2 Kxc4 56. Ke3 Kb3 57. Kd3 Kxa3 58. Kc3 Ka2 59. Kc2 a3 60.
Kc1 Kb3 61. Kb1 Kc3 62. Ka2 Kd3 63. Kxa3 Ke3 64. Kb3 Kf3 65. Kc3 Kxg3 66. Kd3
Kxh4 67. Ke3 Kg3 68. Ke2 f4 69. Kf1 Kf3 0-1

[Event "Championnat de la Loire - Top20"]
[Site "Loire"]
[Date "2004.04.24"]
[Round "8.4"]
[White "Testard, Philippe"]
[Black "Petit, Didier"]
[Result "1/2-1/2"]
[WhiteElo "2020"]
[BlackElo "2000"]
[PlyCount "107"]

1. e4 c6 2. d4 d5 3. Nc3 dxe4 4. Nxe4 Nd7 5. Bd3 Ngf6 6. Ng3 g6 7. Nf3 Bg7 8.
O-O Qc7 9. Re1 e6 10. Bg5 O-O 11. Qd2 b6 12. Rac1 Bb7 13. c3 c5 14. Ne4 Nxe4
15. Bxe4 Bxe4 16. Rxe4 Rac8 17. Bh6 cxd4 18. Nxd4 e5 19. Bxg7 Kxg7 20. Nf3 f5
21. Ree1 Rce8 22. Rcd1 Nc5 23. Qd6 Qxd6 24. Rxd6 e4 25. Nd4 Rf7 26. Re2 f4 27.
Nc2 Re5 28. Ne1 Rfe7 29. Kf1 h5 30. Rd4 Kf6 31. f3 g5 32. b4 Na4 33. Rc4 exf3
34. Rxe5 fxg2+ 35. Kxg2 Rxe5 36. Kf2 Rd5 37. h4 Rd2+ 38. Kf3 Rxa2 39. hxg5+
Kxg5 40. Rc7 Nb2 41. Rg7+ Kf6 42. Rh7 Kg6 43. Rc7 Nd1 44. Nd3 Ra3 45. Nxf4+ Kh6
46. Nd5 Ra2 47. b5 Ra3 48. Kf4 Ra4+ 49. Kf5 h4 50. c4 h3 51. Rc6+ Kh5 52. Rc8
Kh6 53. Kf6 Kh5 54. Kf5 1/2-1/2

[Event "Championnat de la Loire - Top20"]
[Site "Loire"]
[Date "2004.04.24"]
[Round "8.5"]
[White "Cursoux, Gerard"]
[Black "Massard, Christian"]
[Result "1-0"]
[WhiteElo "2040"]
[BlackElo "1830"]
[PlyCount "55"]

1. b4 a5 2. b5 c6 3. a4 cxb5 4. axb5 d5 5. e3 Nf6 6. Bb2 Nbd7 7. Nf3 e6 8. Be2
Be7 9. O-O O-O 10. d4 Nb6 11. Nbd2 Bd7 12. Ne5 Qe8 13. Nxd7 Qxd7 14. Bd3 Rfc8
15. Qe2 a4 16. Ba3 Ne8 17. f4 Nd6 18. Bxd6 Bxd6 19. f5 e5 20. dxe5 Bxe5 21. Ra2
f6 22. c4 Qd6 23. h3 a3 24. cxd5 Qxd5 25. Nf3 Bb2 26. Bb1 Na4 27. Rxa3 Qc4 28.
Ba2 1-0

[Event "Championnat de la Loire - Top20"]
[Site "Loire"]
[Date "2004.04.24"]
[Round "8.6"]
[White "Mujic, Saban"]
[Black "Minchilli, Franco"]
[Result "1-0"]
[WhiteElo "1940"]
[BlackElo "1590"]
[PlyCount "133"]

1. Nf3 Nf6 2. d4 e6 3. c4 c5 4. Nc3 b6 5. Bf4 d6 6. e3 Be7 7. Be2 Nh5 8. Bg3
Bb7 9. O-O Nxg3 10. fxg3 O-O 11. d5 e5 12. e4 Nd7 13. a4 a6 14. Rb1 Bc8 15. Qd3
Nf6 16. Nd1 Bd7 17. b3 Qc8 18. Ne3 Ne8 19. Rf2 g6 20. g4 Ng7 21. Rbf1 Qd8 22.
Kh1 Rb8 23. h3 h5 24. g3 f6 25. Kg2 Qe8 26. Rh1 Rf7 27. Nh4 Rf8 28. gxh5 Nxh5
29. Bxh5 gxh5 30. Nef5 Kh7 31. Qe3 Bxf5 32. Nxf5 Qf7 33. Qh6+ Kg8 34. Rhf1 Bd8
35. Nxd6 Qh7 36. Qe3 Qg6 37. Nf5 Kh7 38. Nh4 Qh6 39. Qf3 b5 40. Qf5+ Kg8 41.
Qe6+ Rf7 42. Nf5 Qf8 43. Nd6 Rb6 44. Qxf7+ Qxf7 45. Nxf7 Kxf7 46. axb5 axb5 47.
Ra2 bxc4 48. bxc4 Rb4 49. Rc2 Kg6 50. d6 Rb7 51. Rd1 Rd7 52. Rb2 f5 53. exf5+
Kxf5 54. Rb5 Bg5 55. Rxc5 Ke6 56. Rcd5 Be3 57. Re1 Bh6 58. Rexe5+ Kf6 59. Rxh5
Kg6 60. Rhe5 Kf6 61. Re2 Bf8 62. c5 Kf7 63. Rf5+ Kg7 64. Re4 Bxd6 65. Rg4+ Kh8
66. Rh5+ Rh7 67. Rxh7+ 1-0

[Event "Championnat de la Loire - Top20"]
[Site "Loire"]
[Date "2004.04.24"]
[Round "8.7"]
[White "Bruel, Bruno"]
[Black "Bednar, Emile"]
[Result "1/2-1/2"]
[WhiteElo "1800"]
[BlackElo "1840"]
[PlyCount "74"]

1. d4 d5 2. c4 c6 3. Nf3 Nf6 4. Nc3 e6 5. e3 Be7 6. Bd3 O-O 7. O-O Nbd7 8. b3
a6 9. Bb2 Qc7 10. Rc1 dxc4 11. Bxc4 b5 12. Bd3 Bb7 13. e4 Bb4 14. Qe2 h6 15. e5
Ne8 16. Qe4 f5 17. exf6 Ndxf6 18. Qxe6+ Qf7 19. Qxf7+ Kxf7 20. Ne4 Rc8 21. Ne5+
Kg8 22. Rc2 Nd5 23. Rfc1 Ne7 24. Nc5 Bxc5 25. Rxc5 Nd6 26. R5c2 Nd5 27. Nxc6
Bxc6 28. Rxc6 Rxc6 29. Rxc6 Nb4 30. Rxd6 Nxd3 31. Bc3 Rxf2 32. h3 Rxa2 33. d5
Nf4 34. Rd8+ Kh7 35. Be5 Nd3 36. Bd4 Nf4 37. Be5 Nd3 1/2-1/2

[Event "Championnat de la Loire - Top20"]
[Site "Loire"]
[Date "2004.04.24"]
[Round "8.8"]
[White "Poncet, Alain"]
[Black "Adamus, Jeremy"]
[Result "1-0"]
[WhiteElo "1860"]
[BlackElo "1910"]
[PlyCount "49"]

1. d4 d5 2. c4 e6 3. Nf3 dxc4 4. Nc3 Nf6 5. Bd2 c5 6. e3 Nc6 7. dxc5 Bxc5 8.
Bxc4 O-O 9. O-O a6 10. Rc1 Bd6 11. Qe2 b5 12. Bd3 Bb7 13. Rfd1 Nb4 14. Bb1 Qe7
15. a3 Nc6 16. e4 Ne5 17. Bg5 Nxf3+ 18. gxf3 h6 19. Bxf6 gxf6 20. Qd2 Be5 21.
Qxh6 f5 22. exf5 Bg7 23. Qh5 Qf6 24. fxe6 Qh6 25. exf7+ 1-0

[Event "Championnat de la Loire - Top20"]
[Site "Loire"]
[Date "2004.04.24"]
[Round "8.9"]
[White "Lestra, Franck"]
[Black "Pupier, Terry"]
[Result "1/2-1/2"]
[WhiteElo "1770"]
[BlackElo "1790"]
[PlyCount "53"]

1. d4 Nf6 2. c4 e6 3. Nf3 b6 4. g3 Ba6 5. b3 Bb4+ 6. Bd2 Be7 7. Bg2 c6 8. O-O
O-O 9. Bc3 d5 10. Ne5 Nfd7 11. Nxd7 Nxd7 12. Nd2 Rc8 13. e4 b5 14. Re1 bxc4 15.
bxc4 dxc4 16. Qa4 Bb5 17. Qc2 e5 18. Bf1 exd4 19. Bxd4 Bb4 20. Bc3 Bxc3 21.
Qxc3 Ne5 22. Nxc4 Bxc4 23. Bxc4 Qd6 24. Rad1 Qf6 25. f4 Nxc4 26. Qxc4 Rfd8 27.
Qc2 1/2-1/2

[Event "Championnat de la Loire - Top20"]
[Site "Loire"]
[Date "2004.05.15"]
[Round "9.1"]
[White "Cizeron, Frederic"]
[Black "Cursoux, Gerard"]
[Result "1/2-1/2"]
[WhiteElo "2080"]
[BlackElo "2040"]
[PlyCount "36"]

1. d4 d6 2. Nf3 Nf6 3. g3 Nbd7 4. Bg2 e5 5. O-O exd4 6. Nxd4 g6 7. Nc3 Bg7 8.
e4 O-O 9. Bg5 h6 10. Be3 Re8 11. Re1 Ne5 12. f4 Bg4 13. Qc1 Nc4 14. Bf2 Qc8 15.
b3 Nb6 16. Qd2 a6 17. Nd5 Nbxd5 18. exd5 Qd7 1/2-1/2

[Event "Championnat de la Loire - Top20"]
[Site "Loire"]
[Date "2004.05.15"]
[Round "9.2"]
[White "Boblin, Laurent"]
[Black "Garon, Pierre"]
[Result "1-0"]
[WhiteElo "1990"]
[BlackElo "2009"]
[PlyCount "69"]

1. e4 c6 2. d4 d5 3. exd5 cxd5 4. Bd3 Nf6 5. c3 e6 6. Bf4 Nc6 7. Nf3 Bd6 8. Bg3
Qc7 9. Qe2 O-O 10. Ne5 Bd7 11. Nd2 Rfc8 12. Ndf3 Be8 13. O-O Rab8 14. Bh4 a6
15. Nxc6 Bxc6 16. Ne5 Be7 17. Rae1 Bd7 18. f4 Re8 19. g4 Bb5 20. Bxf6 Bxd3 21.
Qxd3 gxf6 22. Nxf7 Bf8 23. Ng5 fxg5 24. fxg5 Qg7 25. h4 e5 26. Qf5 Bd6 27. h5
Qe7 28. dxe5 Bxe5 29. g6 hxg6 30. hxg6 Qg7 31. Qf7+ Kh8 32. Kg2 Qxf7 33. gxf7
Rf8 34. Rxe5 Rbd8 35. Rg5 1-0

[Event "Championnat de la Loire - Top20"]
[Site "Loire"]
[Date "2004.05.15"]
[Round "9.3"]
[White "Poncet, Alain"]
[Black "Deville, Olivier"]
[Result "1/2-1/2"]
[WhiteElo "1860"]
[BlackElo "2040"]
[PlyCount "32"]

1. e4 c5 2. Nc3 e6 3. f4 Nc6 4. Nf3 a6 5. d3 Nge7 6. Be3 d5 7. Na4 b6 8. c3 Bb7
9. Qb3 d4 10. Bd2 Nc8 11. c4 N6a7 12. Rc1 Bc6 13. Be2 Bd6 14. O-O Bc7 15. a3
Qd7 16. Bd1 Rb8 1/2-1/2

[Event "Championnat de la Loire - Top20"]
[Site "Loire"]
[Date "2004.05.15"]
[Round "9.4"]
[White "Ollier, Michel"]
[Black "Testard, Philippe"]
[Result "0-1"]
[WhiteElo "1980"]
[BlackElo "2020"]
[PlyCount "42"]

1. e4 c5 2. Nf3 e6 3. d4 cxd4 4. Nxd4 Nc6 5. Be3 a6 6. Be2 Qc7 7. O-O Nf6 8.
Nc3 Bb4 9. Na4 Be7 10. Nxc6 bxc6 11. Qd4 d5 12. f3 Rb8 13. a3 O-O 14. b4 Bd6
15. Rac1 Bxh2+ 16. Kh1 Nh5 17. Bf2 Ng3+ 18. Bxg3 Bxg3 19. exd5 cxd5 20. Nc5 e5
21. Qxd5 Qb6 0-1